Mythical Creatures by Picture - Statistics

General Stats
  • This quiz has been taken 141 times
    103 since last reset
  • The average score is 31 of 40
Answer Stats
Picture Answer % Correct
Mermaid
99%
Dragon
98%
Unicorn
97%
Vampire
97%
Fairy
95%
Zombies
95%
Pegasus
94%
Ents
93%
Kraken
93%
Sasquatch
93%
Werewolf
93%
Cerberus
92%
Phoenix
92%
Yeti
92%
Elves
91%
Grim Reaper
91%
Hydra
90%
Ghosts
87%
Leprechaun
87%
Troll
87%
Gorgon
85%
Siren
85%
Centaur
83%
Griffin
83%
Minotaur
83%
Goblins
82%
Cyclops
80%
Loch Ness Monster
80%
Ogre
75%
Pixies
67%
Chimera
54%
Golems
53%
Manticore
53%
Chupacabra
48%
Oni
48%
Basilisk
46%
Faun
46%
Hippogriff
46%
Banshee
38%
Scylla
32%
No matching quizzes found
Score Distribution
Percent of People with Each Score
Percentile by Number Answered
Your Score History
You have not taken this quiz since the last reset